000 00826nam a22002177a 4500
003 OSt
005 20241009162112.0
008 241009b |||a|||| |||| 00| 0 eng d
020 _a9789589789766
037 _bDonación
040 _aCo-JMCR
_bspa
_cCo-JMCR
_dCo-JMCR
_erda
041 0 0 _aspa
082 0 4 _a808.066
_223
_bU58v
110 2 _aUniversidad Autónoma de Colombia,
_bDepartamento de Humanidades.
_943881
245 1 0 _aVivir la lectura y la escritura :
_bintroducción práctica a la comprensión y redacción de textos /
_cUniversidad Autónoma de Colombia
260 _aBogotá D.C. :
_bUniversidad Autónoma de Colombia ,
_c2008.
300 _a239 páginas :
_bilustraciones ;
_c24 cm.
500 _aEdición corregida y aumentada de "Hojas para Escribir"
504 _aIncluye índice general.
942 _cBK
_2ddc
999 _c30852
_d17236